Evaluation of Homoeopathic Drugs Against Drechslera oryzae (Breda de Haan) Subhramanian and jain, Causing Brown Leaf Spot of Rice (Record no. 50051)

MARC details
000 -LEADER
fixed length control field 00517nam a22001697a 4500
003 - CONTROL NUMBER IDENTIFIER
control field OSt
008 - FIXED-LENGTH DATA ELEMENTS--GENERAL INFORMATION
fixed length control field 260416b |||||||| |||| 00| 0 eng d
082 ## - DEWEY DECIMAL CLASSIFICATION NUMBER
Classification number 581.2
Item number C35E
100 ## - MAIN ENTRY--PERSONAL NAME
Personal name Chaudhari, Pawan Kumar
245 ## - TITLE STATEMENT
Title Evaluation of Homoeopathic Drugs Against Drechslera oryzae (Breda de Haan) Subhramanian and jain, Causing Brown Leaf Spot of Rice
260 ## - PUBLICATION, DISTRIBUTION, ETC. (IMPRINT)
Place of publication, distribution, etc Pusa, Samastipur
Name of publisher, distributor, etc RAU, Samastipur
Date of publication, distribution, etc 2004
310 ## - CURRENT PUBLICATION FREQUENCY
Current publication frequency 49P.
502 ## - DISSERTATION NOTE
Degree type Msc.
Year degree granted 2004
650 ## - SUBJECT ADDED ENTRY--TOPICAL TERM
Topical term or geographic name as entry element Plant Pathology
650 ## - SUBJECT ADDED ENTRY--TOPICAL TERM
Topical term or geographic name as entry element Msc.
942 ## - ADDED ENTRY ELEMENTS (KOHA)
Source of classification or shelving scheme
Koha item type Thesis
Holdings
Withdrawn status Lost status Source of classification or shelving scheme Damaged status Not for loan Home library Current library Date acquired Total Checkouts Full call number Barcode Date last seen Bill Date Koha item type
          Dr. Rajendra Prasad Central Agricultural University Pusa, Dr. Rajendra Prasad Central Agricultural University Pusa, 16/04/2026   581.2 C35E 50669 16/04/2026 16/04/2026 Thesis
Hosted, Implemented, Customized & Maintained by: BestBookBuddies

Powered by Koha